000 00701nam a2200229 a 4500
008
020 _a9780797448247 (pbk. )
049 _aMAIN
090 _aCT105
_bNKO
100 1 _aNkomo, Fortune Senamile.
245 1 0 _aJoshua Nkomo Father Zimbabwe:
_bthe life and times of an African legend /
_cFortune Senamile Nkomo.
260 _aHarare:
_bRadiant Pub. ;
_c2013.
300 _ax, 244 p. :
_bill. ;
_c21 cm.
500 _aIncludes bibliographical references.
500 _aIncludes index.
650 _aBiography.
907 _a.b10333836
_b20-06-13
_c20-06-13
003
005 20230123122023.0
040 _cNUST
942 _cBOOKS
_kCT105
_mNKO
999 _c126422
_d126422